000 00476nam a22001697a 4500
999 _c2805
_d2805
005 20181018183415.0
008 181018b ||||| |||| 00| 0 eng d
040 _cDLC
082 _a227.81
_bO412S
100 _aOke, Norman R.
245 _aSearch The Scriptures;
_bI & II Thessalonians
_cNorman R. Oke
260 _aMissouri
_bNazarene Publishing House
_c1962
300 _a52p,;
650 _aBible- I & II Thessalonians
_xBible
650 _aStudy Skill
942 _2ddc
_cBK